000 00562cam a2200181 i 4500
001 sa 64005867
003 DLC
005 20260227112035.0
008 850318s1962 ii 00010 urdo
010 _asa 64005867 //r85
050 0 _aPK2199.H277
_bK4 1962
100 1 0 _aḤaidar, Sajjād,
_d1880-1943.
245 1 0 _aK̲h̲ayālistān :
_bmuk̲h̲taṣqr afsānon̲ kā majmūʻah /
_cSajjād Ḥaidar Yaldaram.
260 0 _aDihlī :
_bMaktabah-yi Jāmiʻah,
_c[1962]
300 _a248 p. ;
_c19 cm.
500 _aIn Urdu.
500 _aText partially vocalized.
999 _c59375
_d59375